Statistiques concernant Paroles : Les Corons Pierre Bachelet

Cliquez ici pour prendre le quiz!

Statistiques générales

  • Ce quiz a été pris 1 210 fois
  • Le résultat moyen est 208 sur 268

Statistiques - réponses

Réponse% Correct
à
100%
ce
100%
corons
100%
le
100%
Le
100%
les
100%
Les
100%
Au
99%
c'était
99%
nord
99%
de
98%
la
98%
La
98%
charbon
97%
ciel
96%
Des
96%
des
96%
l'horizon
96%
mineurs
96%
terre
96%
fond
95%
hommes
94%
et
86%
Et
86%
c'étaient
83%
Ma
82%
Mon
82%
mon
82%
je
81%
Je
81%
père
81%
était
78%
avait
77%
mère
77%
un
75%
Y
75%
du
74%
qui
74%
Il
73%
comme
72%
que
72%
Que
72%
on
70%
suis
70%
en
67%
pays
67%
ses
67%
cheveux
66%
noire
66%
bleu
65%
eux
65%
si
65%
blancs
63%
gueule
63%
moi
63%
son
62%
Une
62%
D'en
61%
fier
61%
Ils
61%
mes
61%
parents
61%
qu'il
61%
yeux
61%
elle
60%
sur
60%
crois
59%
est
58%
l'étaient
58%
sais
58%
voir
58%
bleus
57%
C'est
57%
étaient
57%
Dans
56%
Grâce
56%
jour
56%
croyais
55%
lui
55%
campagne
54%
Jean jaures
53%
kermesse
53%
photo
53%
bras
52%
joue
52%
Mais
52%
trou
52%
cartable
51%
contre
51%
dois
51%
d'un
51%
heureuse
51%
voyais
51%
enfance
50%
grisou
50%
coups
49%
leçons
49%
lessiveuses
49%
pluie
49%
ceux
48%
fenêtres
48%
haut
48%
j'ai
48%
Nos
48%
rentrant
48%
buée
47%
fosse
47%
J'apprenais
47%
avec
46%
aime
45%
mairie
45%
montagnes
45%
mouillait
45%
semblables
45%
accidents
44%
défaut
44%
donnaient
44%
leur
44%
terrils
44%
silicose
43%
vin
43%
diamant
42%
généreux
41%
parlaient
41%
rose
41%
compris
40%
j'avais
40%
Posé
40%
verre
38%
trente-six
37%
chaque
36%
aimaient
35%
métier
31%
f'nêtres
28%

Distribution des résultats

Percentile par nombre de réponses

% des personnes avec chaque résultat

Votre développement - résultats

Vous n’avez pas pris ce quiz